| 000 | 01029nam a22003137a 4500 | ||
|---|---|---|---|
| 001 | BR2011004248 | ||
| 003 | BR-BrBNA | ||
| 005 | 20230928103735.0 | ||
| 007 | ta | ||
| 008 | 230509b bl.||||| |||| 00| 0 por d | ||
| 040 |
_aBR-BrBNA _bpor _cBiblioteca Nacional de Agricultura |
||
| 041 | _a(Por) | ||
| 072 | _aN20 | ||
| 090 | _ N20 BR2011004248 | ||
| 100 | 1 | _aKrauspenhar, A. (ed.) | |
| 100 | 1 | _aSeifert, S. (ed.) | |
| 110 | 1 |
_aSecretaria da Agricultura e Abastecimento, Porto Alegre, RS (Brasil) _98308 |
|
| 111 | 1 |
_a8. Congresso Internacional de Mecanização Agrícola _cPorto Alegre, RS (Brazil) _d1-4 Sep 1990 |
|
| 245 | 1 | _aCírculo de máquinas, mecanização e ajuda mútua entre as pequenas propriedades. Anais | |
| 260 | 3 |
_aPorto Alegre, RS (Brasil): _c1991. |
|
| 300 | _a225 p. | ||
| 500 | _a21 illus.; 38 tables | ||
| 650 | _aMECANIZAÇÃO AGRÍCOLA | ||
| 650 | _aMÁQUINA AGRÍCOLA | ||
| 650 | _aCOOPERATIVISMO | ||
| 650 | _aASSOCIATIVISMO | ||
| 909 |
_a202309 _bLucia _c55 _dLucia Elande |
||
| 942 | _cBK | ||
| 999 |
_c76409 _d76409 |
||